Welcome to the Holygrace Academy Library

Please use search bar below to get started

GREATEST SPEECHES OF THE WORLD (Record no. 3653)

MARC details
000 -LEADER
fixed length control field 00299nam a22001337a 4500
020 ## - INTERNATIONAL STANDARD BOOK NUMBER
ISBN 978-93-5282-316-1
082 ## - DEWEY DECIMAL CLASSIFICATION NUMBER
Classification number 825
Item number VAL/G
100 ## - MAIN ENTRY--AUTHOR NAME
Personal name VALLIKUNNAM,RAJU
245 ## - TITLE STATEMENT
Title GREATEST SPEECHES OF THE WORLD
260 ## - PUBLICATION, DISTRIBUTION, ETC. (IMPRINT)
Place of publication KOTTAYAM
Name of publisher DC BOOKS
300 ## - PHYSICAL DESCRIPTION
Number of Pages 319
650 ## - SUBJECT ADDED ENTRY--TOPICAL TERM
Topical Term SPEECH
Geographic subdivision KERALA
942 ## - ADDED ENTRY ELEMENTS (KOHA)
Koha item type Books
Holdings
Withdrawn status Lost status Collection code Home library Current library Shelving location Date acquired Source of acquisition Cost, normal purchase price Full call number Accession Number Koha item type
    Reference Main Library Main Library SHELF-16B -ENGLISH SPEECHES,ESSAYS,QUOTES 23/01/2019 PURCHASE 299.00 825 VAL/G 10580 Books